000 00817nam a2200217 a 4500
001 43923
003 BD-RjUL
005 20211209053754.0
008 160629s2013 bg ||||| |||| 00| 0 eng d
035 _a(BD-RjUL)44041
040 _aBD-RjUL
_beng
_cBD-RjUL
041 _aeng
082 _223
_a891.443
_bSAV 2013
100 _aসাংকৃত্যায়ন, রাহুল
_9134947
245 1 0 _aভোলগা থেকে গঙ্গা /
_cরাহুল সাংকৃত্যায়ন
260 _aঢাকা :
_bবুক সেন্টার,
_c২০১৩
300 _a৩৩৩ পৃ. ;
_c২১ সেমি.
650 _aবাংলা সাহিত্য
_xছোটগল্প
_9123283
650 _aBengali Literature
_xShort Stories
_9134948
942 _2ddc
_cBK
_01
999 _c43923
_d43923